000 00668nam a22001937a 4500
005 20140319161356.0
010 _aB-516136-143
020 _a9788190570251
_c350.00
035 _aB-516136-143
037 _adpl
_bJanvani Prakashan/Ven
082 _a618.92
100 _aSethi, Nitin
245 _aCaring for Kids:
_ba complete guide to children health/
_cby Nitin Sethi
260 _aNoida
_bCalvin Publishing
_c2011
270 _aB-114, Sector-55
_bNoida (U.P.)
300 _a167p.:
_bcol.ill.
_c23cm.(Hb)
942 _2ddc
_cCH
_h618.92
_mSET
999 _c83072
_d83072